000 00735nam a22002417a 4500
003 UA-OsUOA
001 64016
007 ta
008 20091027b un ||||| |||| 00| 0 ukr d
100 _aКовальчук К.
700 _aВишнякова І.
700 _aВишнякова В.
090 _a330(477)
_bК56
942 _cSA
040 _aUA-OsUOA
_bukr
_cUA-OsUOA
_dUA-OsUOA
245 _aЦінова політика банків України за процентними операціями: стан, ефективність, чинники впливу
300 _aС.51-65
955 _a0
041 _aukr
080 _a330(477)
773 0 _w64014
650 7 _a330 Економіка взагалі
_2UDC
999 _c350118
_d350118